00478nam a22001457a 4500041000800000082001500008100003100023245005300054260005700107300001100164650003900175942000700214952009400221999001700315 aENG a224.4bEZE aErnst Wilhelm Hengstenberg aThe prophecies of the prophet Ezekiel elucidated aEdinburgh ,T. & T. Clark, bJames Publicationc1869. a538 p. aBible. -- Ezekiel -- Commentaries. cBK 00104070aHMIbHMIcGENd2018-11-15l0o224.4 EZEp11003876r2026-01-16w2026-01-16yBK c22493d22493